Beruang yang mahu terbang

Bibliographic Details
Main Author: Carroll, Jean
Format: Book
Published: Kuala Lumpur : Pustaka Sistem Pelajaran , 19__
Subjects:

MARC

LEADER 00000cam a2200000 7i4500
001 0000009192
002 000010010
005 20000330.0
020 |a 9679025403 
090 0 0 |a JF   |b CAR 
100 1 |a Carroll, Jean 
245 1 0 |a Beruang yang mahu terbang   |c Jean Carroll 
260 |a Kuala Lumpur :   |b Pustaka Sistem Pelajaran ,   |c 19__ 
300 |a 29 p. :   |b ill ;   |c 17 cm. 
650 0 0 |a Children's stories 
999 |a 048369   |b BUKU   |c PINJAMAN   |e PERPUSTAKAAN KOMUNITI PETALING JAYA